| 000 | 00676nam a2200229Ia 4500 | ||
|---|---|---|---|
| 005 | 20230522102439.0 | ||
| 008 | 131103s9999 xx 000 0 und d | ||
| 020 |
_a019562422 X _cRs.100 |
||
| 040 | _aLoreto College | ||
| 041 | _aEnglish | ||
| 082 |
_a330.954 _bBAR |
||
| 100 | _aBardhan,Pranab | ||
| 245 | 4 |
_aThe political economy of development in India _cPranab Bardhan |
|
| 260 |
_aDelhi _bOxford University Press _c1984 |
||
| 300 |
_aviii,118 p. _b ill.,tables |
||
| 440 | _aOxford India Paperbacks | ||
| 504 | _aIncludes bibliographical references and index | ||
| 650 | _aEconomics | ||
| 651 | _aIndia - Economical Development | ||
| 850 | _aLCLIB | ||
| 942 | _cBK | ||
| 999 |
_c7537 _d58016 |
||